Statistics for All Railway Stations in Auckland New Zealand

Click here to take the quiz!

General Stats

  • This quiz has been taken 538 times
    (316 since last reset)
  • The average score is 25 of 40

Answer Stats

Stations% Correct
Britomart
93%
Newmarket
93%
Manukau
90%
Onehunga
88%
Mt Eden
82%
Papakura
82%
Parnell
79%
Henderson
76%
Swanson
74%
Pukekohe
72%
Remuera
71%
Grafton
70%
Sylvia Park
70%
New Lynn
69%
Mt Albert
68%
Kingsland
67%
Greenlane
66%
Otahuhu
66%
Glen Innes
65%
Orakei
65%
Ellerslie
64%
Avondale
62%
Panmure
61%
Papatoetoe
61%
Morningside
60%
Penrose
58%
Meadowbank
56%
Middlemore
55%
Manurewa
53%
Ranui
50%
Takanini
50%
Baldwin Ave
48%
Glen Eden
48%
Te Papapa
47%
Fruitvale Rd
46%
Puhinui
43%
Homai
39%
Sturges Road
39%
Sunnyvale
39%
Te Mahia
36%

Score Distribution

Percentile by Number Answered

Percent of People with Each Score

Your Score History

You have not taken this quiz since the last reset